| 000 | 00385 a2200145 4500 | ||
|---|---|---|---|
| 005 | 20250611160155.0 | ||
| 020 | _a978-0-538-69340-0 | ||
| 100 | _aFOSEGAN, J. S | ||
| 245 | _aBusiness Records Control | ||
| 250 | _a8th Ed | ||
| 260 |
_aCincinnati _bSouth- Western Education _c2000 |
||
| 300 |
_a xi, 278p.: ill; ill Figure, Table _bIndex _c23cm |
||
| 700 | _aGINN, M. L | ||
| 942 |
_2ddc _cBKS |
||
| 999 |
_c3770 _d3770 |
||